| 000 | 01013nam a22002657a 4500 | ||
|---|---|---|---|
| 005 | 20090615161915.0 | ||
| 008 | 090512t xxu||||| |||| 00| 0 eng d | ||
| 010 | _aENG-94016 | ||
| 020 |
_a9788173815621 _c395.00 |
||
| 020 |
_a8173815623 _c395.00 |
||
| 035 | _aEN-77549 | ||
| 037 | _bDBAD / PUB | ||
| 040 |
_adpl _bEnglish |
||
| 082 | _a658.1511 | ||
| 100 | _aBasu, B.K. | ||
| 245 |
_aLectures on management accountancy: _cby B.K. Basu _bprinciples, system, and practice: a textbook on management accountancy / |
||
| 250 | _arev. & enl. ed. | ||
| 260 |
_aKolkata _bNew Central Book Agency _c2008 |
||
| 270 |
_a8/1, Chintamoni Das Lane, _bKolkata _e700009 |
||
| 300 |
_axxiii, 1101p. _c25cm(pbk) |
||
| 500 | _aIncludes index | ||
| 650 | _aManagerial accounting | ||
| 942 |
_2ddc _cEN _mBAS _h658.1511 |
||
| 999 |
_c27477 _d27477 |
||